El nuevo programa escolar /

Guardado en:
Autor Principal: Kilpatrick, W. H.
Otros Autores: Rugg, Harold
Formato: Libro
Publicado: Argentina : Losada, 1958
Edición:4a. ed.
Series:La Escuela Activa
Materias:
Etiquetas: Agregar Etiqueta
Sin Etiquetas, Sea el primero en etiquetar este registro!
LEADER 00530nam a22002055a 4500
001 CEM.cems003589
005 19000101000000.0
008 130507s1958##################000#0#####d
003 CEMS
082 0 4 |a 375 
100 1 |a Kilpatrick, W. H. 
245 1 0 |a El nuevo programa escolar / 
250 |a 4a. ed. 
260 |a Argentina :  |b Losada,  |c 1958 
300 |a 123 p. 
490 0 |a La Escuela Activa 
653 |a Curriculum 
653 |a Educacion 
700 1 |a Rugg, Harold 
859 |a CEMS  |b BIB. CEMS - 11 de abril  |h 375  |i K559a4  |p 3736.75  |t Ej.1